| 000 | 00589nam a22002057a 4500 | ||
|---|---|---|---|
| 003 | DO-SdBNP | ||
| 005 | 20171124105026.0 | ||
| 008 | 171123b 2003 ||||| |||| 00| 0 spa d | ||
| 040 |
_aBPMSU _bspa _cBPMSU |
||
| 092 |
_axxxx _bxxxx |
||
| 100 | 1 |
_aHunt, Angela, _d1957- |
|
| 245 | 1 | 0 |
_aThe pearl / _cAngela Hunt. |
| 260 |
_aWaterville, Me. : _bWalker Large Print, _c2003. |
||
| 300 |
_a58 p. ; _c22 cm. |
||
| 490 | 1 | _aWomen of faith fiction. | |
| 830 | 0 | _aWomen of faith fiction. | |
| 942 |
_2ddc _cBK |
||
| 945 | _aInventario / 2017 LP | ||
| 956 |
_aLOPEREZ _b10 _c20171123 _h0041 _iBPMSU |
||
| 999 |
_c13049 _d13049 |
||